Jon Jones Title Defences - Statistics

General Stats
  • This quiz has been taken 22 times
  • The average score is 9 of 12
Answer Stats
UFC Card Opponent % Correct
UFC 182 Daniel Cormier
94%
UFC 135 Rampage Jackson
94%
UFC 159 Chael Sonnen
88%
UFC 247 Dominick Reyes
88%
UFC 165 Alexander Gustafsson
82%
UFC 235 Anthony Smith
82%
UFC 145 Rashad Evans
82%
UFC 309 Stipe Miocic
82%
UFC 140 Lyoto Machida
76%
UFC 152 Vitor Belfort
59%
UFC 239 Thiago Santos
53%
UFC 172 Glover Teixeira
47%
No matching quizzes found
Score Distribution
Percent of People with Each Score
Percentile by Number Answered
Your Score History
You have not taken this quiz